| 000 | 00359nam a22001457a 4500 | ||
|---|---|---|---|
| 999 |
_c7917 _d7917 |
||
| 003 | OSt | ||
| 005 | 20200603162040.0 | ||
| 008 | 200603b ||||| |||| 00| 0 eng d | ||
| 020 | _a9784309800011 | ||
| 082 |
_a728.5 _bISH |
||
| 110 | _aIshii Hiroaki(editor) | ||
| 245 | _aInterior & amenity design | ||
| 260 |
_aJapan _bkawade shobo shinsha _c2006 |
||
| 942 | _2ddc | ||